[Event "WchT Seniors 50"]
[Site "Struga"]
[Date "2023.09.22"]
[Round "4.2"]
[White "Escofet Fernandez, Jaime"]
[Black "Jhunjhnuwala, Ramesh"]
[Result "1/2-1/2"]
[WhiteElo "1902"]
[BlackElo "2088"]
[PlyCount "41"]
[EventDate "2023.09.19"]
[EventType "team-swiss"]
[EventRounds "9"]
[EventCountry "MKD"]
[SourceTitle "EXT 2024"]
[Source "ChessBase"]
[SourceDate "2023.10.10"]
[SourceVersion "1"]
[SourceVersionDate "2023.10.10"]
[SourceQuality "1"]
[WhiteTeam "Uruguay 50"]
[BlackTeam "United States 5 Brothers 50"]
[WhiteTeamCountry "URU"]
[BlackTeamCountry "USA"]

1. e4 c5 2. Nf3 e6 3. d4 cxd4 4. Nxd4 Nf6 5. Bd3 Nc6 6. Nxc6 dxc6 7. 0-0 e5 8. Nd2 Bg4 9. Qe1 Bc5 10. Nc4 Qe7 11. Be3 0-0 12. Qa5 Nd7 13. Bxc5 Nxc5 14. Qc3 Nxd3 15. Qxd3 Rfd8 16. Qe3 f6 17. f3 Be6 18. Nd2 Qb4 19. Nb3 Bxb3 20. axb3 a6 21. Rfd1 1/2-1/2

[Event "URU-chT2"]
[Site "Montevideo"]
[Date "2023.07.22"]
[Round "2.2"]
[White "Fuentes, Fabian"]
[Black "Escofet Fernandez, Jaime"]
[Result "1-0"]
[WhiteElo "1795"]
[BlackElo "1937"]
[PlyCount "85"]
[EventDate "2023.07.21"]
[EventType "team-tourn"]
[EventRounds "5"]
[EventCountry "URU"]
[SourceTitle "EXT 2024"]
[Source "ChessBase"]
[SourceDate "2023.10.10"]
[SourceVersion "1"]
[SourceVersionDate "2023.10.10"]
[SourceQuality "1"]
[WhiteTeam "Atlantida"]
[BlackTeam "Solis de Pando"]
[WhiteTeamCountry "URU"]
[BlackTeamCountry "URU"]

1. e4 c6 2. d4 d5 3. Nc3 dxe4 4. Nxe4 Nf6 5. Nxf6+ exf6 6. Nf3 Bd6 7. Bd3 0-0 8. 0-0 Bg4 9. c3 Nd7 10. h3 Bh5 11. Re1 Qc7 12. Be3 Rfe8 13. g4 Bg6 14. Bxg6 hxg6 15. Qd2 Nf8 16. Re2 f5 17. gxf5 gxf5 18. Qd3 Qd7 19. Bd2 f4 20. Rxe8 Rxe8 21. Qf1 Re6 22. Kh1 Rh6 23. Ng1 Qf5 24. f3 Nd7 25. Re1 Nf6 26. Qg2 Rg6 27. Qf1 Nh5 28. Re8+ Kh7 29. Be1 Qb1 30. Qe2 Qxa2 31. c4 Bb4 32. Bf2 Qb1 33. Kh2 Qf5 34. Re5 Qf6 35. Rxh5+ Kg8 36. c5 Qd8 37. Re5 Kh7 38. Qe4 Bd2 39. Rh5+ Kg8 40. Bh4 Qd7 41. Be7 Be3 42. Ne2 f5 43. Rxf5 1-0

[Event "Montevideo Duchamp Cup 6th"]
[Site "Montevideo"]
[Date "2023.02.06"]
[Round "4"]
[White "Escofet Fernandez, Jaime"]
[Black "Fein, Jorge"]
[Result "1-0"]
[WhiteElo "1932"]
[BlackElo "1602"]
[PlyCount "109"]
[EventDate "2023.02.03"]
[EventType "swiss"]
[EventRounds "9"]
[EventCountry "URU"]
[SourceTitle "CBM 212 Extra"]
[Source "ChessBase"]
[SourceDate "2023.03.31"]
[SourceVersion "1"]
[SourceVersionDate "2023.03.31"]
[SourceQuality "1"]

1. e4 e5 2. Nf3 Nc6 3. Bb5 a6 4. Ba4 Nf6 5. 0-0 b5 6. Bb3 d6 7. Re1 Na5 8. c3 Nxb3 9. axb3 h6 10. d4 Bg4 11. h3 Bh5 12. dxe5 Bxf3 13. Qxf3 dxe5 14. Nd2 Bd6 15. Nf1 0-0 16. Ng3 Kh7 17. Nf5 Rg8 18. Be3 Bf8 19. Rad1 Qe8 20. Nxh6 gxh6 21. Qxf6 Rg6 22. Qf5 Bd6 23. b4 Rd8 24. Ra1 Ra8 25. Red1 Kg7 26. Rd5 Rf6 27. Qh5 Rg6 28. Bc5 Qe6 29. Bxd6 cxd6 30. Rxb5 Qb3 31. Qe2 Qe6 32. Kh1 Qc8 33. Rb6 Rb8 34. Qxa6 Qd8 35. Rxb8 Qxb8 36. Qd3 Qb6 37. Qe3 Qb5 38. Kg1 Qc4 39. Rd1 Qa2 40. Qd2 Qe6 41. Kh2 Qe7 42. Qe3 Qe6 43. Rd5 Rf6 44. b5 Rg6 45. c4 Qe8 46. b4 Qa8 47. c5 Qa1 48. Rxd6 f6 49. Rd7+ Kg8 50. Qd3 Rg7 51. Rxg7+ Kxg7 52. b6 Qe1 53. b7 Qxf2 54. b8Q Qf4+ 55. Qg3+ 1-0

[Event "Montevideo Duchamp Cup 6th"]
[Site "Montevideo"]
[Date "2023.02.05"]
[Round "3"]
[White "Perdomo, Leandro Daniel"]
[Black "Escofet Fernandez, Jaime"]
[Result "1-0"]
[WhiteElo "2420"]
[BlackElo "1932"]
[PlyCount "81"]
[EventDate "2023.02.03"]
[EventType "swiss"]
[EventRounds "9"]
[EventCountry "URU"]
[SourceTitle "CBM 212 Extra"]
[Source "ChessBase"]
[SourceDate "2023.03.31"]
[SourceVersion "1"]
[SourceVersionDate "2023.03.31"]
[SourceQuality "1"]

1. d4 d5 2. c4 c6 3. Nf3 Nf6 4. Nc3 dxc4 5. e3 Bf5 6. Bxc4 e6 7. 0-0 Nbd7 8. Qe2 Be7 9. e4 Bg4 10. Rd1 b5 11. Bd3 b4 12. Na4 0-0 13. h3 Bh5 14. Bf4 Qa5 15. b3 e5 16. Bh2 Bxf3 17. Qxf3 exd4 18. e5 Nxe5 19. Qf5 Nc4 20. bxc4 Qxa4 21. Bc2 Qa6 22. Rxd4 Qc8 23. Qf3 Rd8 24. Rxd8+ Bxd8 25. Ba4 Bc7 26. Bxc6 Bxh2+ 27. Kxh2 Qc7+ 28. g3 Rc8 29. Bb5 h6 30. Re1 a5 31. Qf5 Rd8 32. Re2 Qb7 33. Ba4 Qc7 34. c5 Rc8 35. c6 Rd8 36. Qb5 Re8 37. Qb7 Rc8 38. Re7 Qd8 39. Rxf7 Ne8 40. Bb3 Kh7 41. Qd7 1-0

[Event "Montevideo Trebejos 50 Anniv op"]
[Site "Montevideo"]
[Date "2022.09.21"]
[Round "5"]
[White "Escofet Fernandez, Jaime"]
[Black "Ressia, Lorenzo"]
[Result "1/2-1/2"]
[WhiteElo "1941"]
[BlackElo "1659"]
[PlyCount "76"]
[EventDate "2022.09.17"]
[EventType "swiss"]
[EventRounds "9"]
[EventCountry "URU"]
[SourceTitle "EXT 2023"]
[Source "ChessBase"]
[SourceDate "2022.10.05"]
[SourceVersion "1"]
[SourceVersionDate "2022.10.05"]
[SourceQuality "1"]

1. e4 c6 2. c4 d5 3. cxd5 cxd5 4. exd5 Nf6 5. Nc3 Nxd5 6. Nf3 Nc6 7. d4 Bg4 8. Qb3 Bxf3 9. gxf3 e6 10. Qxb7 Nxd4 11. Bb5+ Nxb5 12. Qc6+ Ke7 13. Qxb5 Nxc3 14. bxc3 Qc7 15. 0-0 Rb8 16. Qa4 Rd8 17. Be3 g6 18. Rfd1 Bg7 19. Qb4+ Ke8 20. Rxd8+ Qxd8 21. Bxa7 Qd3 22. Qb8+ Qd8 23. Qb3 Qa5 24. Bb6 Qxc3 25. Qb5+ Ke7 26. Rd1 Rc8 27. Ba5 Qc6 28. Bb4+ Ke8 29. Qg5 Qb7 30. a3 h6 31. Qg3 Bf8 32. Qf4 Bxb4 33. axb4 Rd8 34. Rxd8+ Kxd8 35. Kg2 Ke7 36. h4 Qb5 37. Qc7+ Kf6 38. Qf4+ Ke7 1/2-1/2

[Event "Montevideo Duchamp Cup 5th"]
[Site "Montevideo"]
[Date "2022.02.15"]
[Round "5"]
[White "Escofet Fernandez, Jaime"]
[Black "Zaruski, Julio"]
[Result "1-0"]
[WhiteElo "1981"]
[BlackElo "1764"]
[PlyCount "127"]
[EventDate "2022.02.12"]
[EventType "swiss"]
[EventRounds "9"]
[EventCountry "URU"]
[SourceTitle "CBM 206 Extra"]
[Source "ChessBase"]
[SourceDate "2022.03.31"]
[SourceVersion "1"]
[SourceVersionDate "2022.03.31"]
[SourceQuality "1"]

1. e4 c5 2. Nf3 d6 3. d4 cxd4 4. Nxd4 Nf6 5. Nc3 a6 6. Bg5 e6 7. f4 Be7 8. Qf3 h6 9. Bh4 Nbd7 10. 0-0-0 Qc7 11. Bd3 g5 12. fxg5 Ne5 13. Qe2 Nfg4 14. h3 Nxd3+ 15. Rxd3 Ne5 16. Rdd1 hxg5 17. Bg3 Bd7 18. Rhf1 0-0-0 19. Nf3 Nc4 20. Nd2 Nxd2 21. Qxd2 Be8 22. Rf3 g4 23. hxg4 Rg8 24. Kb1 Rxg4 25. Qe2 Kb8 26. Rfd3 Rg5 27. Qd2 Rxg3 28. Rxg3 Bf6 29. Rf3 Be5 30. Rdf1 Rc8 31. Qf2 Qa5 32. Nd1 f6 33. Rxf6 Bxf6 34. Qxf6 Qd2 35. Qf2 Qb4 36. Qe1 Qc5 37. Qd2 Bc6 38. Nc3 Qe5 39. Qf4 Qc5 40. Rd1 e5 41. Qd2 Rd8 42. a3 Ka8 43. Qg5 Rc8 44. Qd2 Rd8 45. Nd5 Bxd5 46. Qxd5 Qe3 47. c4 Rc8 48. Ka1 Rc5 49. Qxd6 Rxc4 50. Qxe5 Rxe4 51. Rd8+ Ka7 52. Qb8+ Kb6 53. Rd6+ Ka5 54. Qc7+ Ka4 55. Qd7+ b5 56. Rxa6+ Kb3 57. Qxb5+ Kc2 58. Rc6+ Kd1 59. Rd6+ Ke1 60. Qd3 Qf4 61. Qd1+ Kf2 62. Qf3+ Qxf3 63. gxf3 Kxf3 64. Ka2 1-0

[Event "Punta del Este Alekhine op"]
[Site "Punta del Este"]
[Date "2020.03.06"]
[Round "1"]
[White "Escofet Fernandez, Jaime"]
[Black "Delbono Menoni, Ruben"]
[Result "1-0"]
[WhiteElo "1996"]
[BlackElo "1597"]
[PlyCount "35"]
[EventDate "2020.03.06"]
[EventType "swiss"]
[EventRounds "5"]
[EventCountry "URU"]
[SourceTitle "EXT 2021"]
[Source "ChessBase"]
[SourceDate "2020.10.23"]
[SourceVersion "1"]
[SourceVersionDate "2020.10.23"]
[SourceQuality "1"]

1. e4 c5 2. Nf3 d6 3. d4 cxd4 4. Nxd4 Nc6 5. Nc3 Nf6 6. Bg5 e6 7. Bb5 Bd7 8. Bxc6 bxc6 9. Qf3 Be7 10. e5 Nd5 11. Bxe7 Qxe7 12. exd6 Qxd6 13. 0-0 Rb8 14. Ne4 Qe7 15. Rfe1 0-0 16. c4 Nc7 17. Qg3 h6 18. Qxc7 1-0

[Event "Montevideo Duchamp Cup 4th"]
[Site "Montevideo"]
[Date "2020.02.09"]
[Round "2"]
[White "Liascovich, Lucas Agustin"]
[Black "Escofet Fernandez, Jaime"]
[Result "1-0"]
[WhiteElo "2425"]
[BlackElo "2025"]
[PlyCount "51"]
[EventDate "2020.02.08"]
[EventType "swiss"]
[EventRounds "9"]
[EventCountry "URU"]
[SourceTitle "CBM 194 Extra"]
[Source "ChessBase"]
[SourceDate "2020.03.31"]
[SourceVersion "1"]
[SourceVersionDate "2020.03.31"]
[SourceQuality "1"]

1. d4 e6 2. Nf3 f5 3. g3 Nf6 4. Bg2 d5 5. 0-0 Bd6 6. c4 c6 7. b3 Qe7 8. Bb2 0-0 9. Ne5 Bd7 10. Nd2 Ne4 11. Nxe4 fxe4 12. f3 exf3 13. Bxf3 Be8 14. e4 dxe4 15. Bxe4 Rxf1+ 16. Qxf1 Nd7 17. Qh3 Nf8 18. Nf3 Bg6 19. Bxg6 Nxg6 20. Re1 Re8 21. Qh5 Nf8 22. Ng5 g6 23. Qh6 Bb4 24. Re2 Ba3 25. Bxa3 Qxa3 26. Rf2 1-0

[Event "Montevideo Duchamp Cup 4th"]
[Site "Montevideo"]
[Date "2020.02.08"]
[Round "1"]
[White "Escofet Fernandez, Jaime"]
[Black "Kulik, Nicolas"]
[Result "1-0"]
[WhiteElo "2025"]
[BlackElo "1496"]
[PlyCount "105"]
[EventDate "2020.02.08"]
[EventType "swiss"]
[EventRounds "9"]
[EventCountry "URU"]
[SourceTitle "CBM 194 Extra"]
[Source "ChessBase"]
[SourceDate "2020.03.31"]
[SourceVersion "1"]
[SourceVersionDate "2020.03.31"]
[SourceQuality "1"]

1. e4 d5 2. exd5 Qxd5 3. Nc3 Qd6 4. d4 c6 5. Nf3 Nf6 6. h3 Bf5 7. Bc4 e6 8. Be3 Qb4 9. Bb3 Ne4 10. Bd2 Nxc3 11. Bxc3 Qb6 12. Ne5 Be7 13. Qd2 Qc7 14. 0-0 a5 15. a4 Na6 16. Bxa5 b6 17. Bc3 Rd8 18. Bc4 Nc5 19. Nxc6 Rd6 20. Nxe7 Ne4 21. Nxf5 Nxd2 22. Nxd6+ Qxd6 23. Bxd2 Qxd4 24. Bb5+ Ke7 25. Bc3 Qe4 26. Rfd1 Rd8 27. Rxd8 Kxd8 28. Bd3 Qc6 29. Bxg7 Ke7 30. Bc3 f6 31. a5 bxa5 32. Rxa5 Qb6 33. Ra6 Qb7 34. Bd4 Qb4 35. Ra7+ Kf8 36. Bc3 Qf4 37. g3 Qf3 38. Rxh7 e5 39. Rh4 Ke7 40. Ra4 Qc6 41. Ra7+ Kf8 42. h4 Qf3 43. Bb4+ Ke8 44. Bc5 e4 45. Re7+ Kd8 46. Rxe4 f5 47. Rf4 Qb7 48. b4 Qa8 49. Rxf5 Qa1+ 50. Kh2 Qa2 51. h5 Qe6 52. Be3 Qxf5 53. Bxf5 1-0

[Event "Montevideo Duchamp Cup 3rd"]
[Site "Montevideo"]
[Date "2019.02.10"]
[Round "2"]
[White "Escofet Fernandez, Jaime"]
[Black "Mussanti, Diego"]
[Result "0-1"]
[WhiteElo "1957"]
[BlackElo "2305"]
[PlyCount "54"]
[EventDate "2019.02.09"]
[EventType "swiss"]
[EventRounds "9"]
[EventCountry "URU"]
[SourceTitle "CBM 188 Extra"]
[Source "ChessBase"]
[SourceDate "2019.02.26"]
[SourceVersion "1"]
[SourceVersionDate "2019.02.26"]
[SourceQuality "1"]

1. b3 d5 2. Bb2 Nf6 3. e3 c5 4. Bb5+ Nbd7 5. Nf3 e6 6. Ne5 a6 7. Bxd7+ Nxd7 8. 0-0 Nxe5 9. Bxe5 f6 10. Bb2 Bd6 11. d4 0-0 12. Nd2 Qc7 13. h3 c4 14. bxc4 dxc4 15. c3 b5 16. e4 Bb7 17. Qe2 Rac8 18. Rfe1 a5 19. Rac1 Bh2+ 20. Kh1 Bf4 21. Rb1 b4 22. a3 Bxd2 23. Qxd2 f5 24. exf5 Rxf5 25. Re5 Rxe5 26. dxe5 Qxe5 27. axb4 Qf5 0-1

[Event "Montevideo Duchamp Cup 2nd"]
[Site "Montevideo"]
[Date "2018.02.07"]
[Round "8"]
[White "Ramos Correa, Gabriel"]
[Black "Escofet Fernandez, Jaime"]
[Result "1/2-1/2"]
[WhiteElo "1895"]
[BlackElo "2031"]
[PlyCount "106"]
[EventDate "2018.02.02"]
[EventType "swiss"]
[EventRounds "9"]
[EventCountry "URU"]
[SourceTitle "CBM 182 Extra"]
[Source "ChessBase"]
[SourceDate "2018.02.23"]
[SourceVersion "1"]
[SourceVersionDate "2018.02.23"]
[SourceQuality "1"]

1. d4 e6 2. c4 f5 3. Nf3 Nf6 4. g3 c6 5. Bg2 d5 6. 0-0 Bd6 7. b3 Qe7 8. Bb2 0-0 9. Qc1 a5 10. Nc3 Ne4 11. Nxe4 fxe4 12. Ng5 Nd7 13. f3 h6 14. Nh3 exf3 15. exf3 Nf6 16. Qe3 Bd7 17. Nf2 c5 18. f4 Rac8 19. Rac1 b6 20. Rfe1 Rfe8 21. Bf3 Bc6 22. Nd3 dxc4 23. bxc4 Bxf3 24. Qxf3 Qc7 25. Ne5 cxd4 26. Bxd4 Nd7 27. Nxd7 Qxd7 28. Bxb6 Bc5+ 29. Bxc5 Rxc5 30. Qe3 Qc6 31. Qe4 Qb6 32. Kg2 Kh8 33. Rb1 Qa6 34. Rbc1 Qb6 35. Qg6 Qc6+ 36. Re4 Rf5 37. Rce1 Rf6 38. Qh5 Rf5 39. Qg4 Rc5 40. Kh3 Rxc4 41. Rxe6 Rxe6 42. Rxe6 Qc8 43. Qg6 Rc6 44. f5 Rxe6 45. fxe6 a4 46. Qf7 a3 47. Qd7 Qc5 48. Qd8+ Kh7 49. Qd3+ Kh8 50. Qg6 Qd5 51. g4 Qf3+ 52. Kh4 Qf2+ 53. Kh3 Qf3+ 1/2-1/2